Estadísticas para Las diócesis de México

Haz click aquí para intentar la prueba.

Estadísticas generales

  • Esta prueba ha sido intentada 16 veces
  • La puntuación promedio es 45 de 96

Respuestas en el mapa

Las respuestas están codificadas por una escala verde-roja en el mapa de la prueba según el % correcto abajo.
 

Estadísticas de respuestas

grupoDiócesis% Correcto
Arquidiócesis de GuadalajaraGuadalajara
100%
Arquidiócesis de Hermosillo
Hermosillo
100%
Arquidiócesis de MonterreyMonterrey
100%
Arquidiócesis de PueblaPuebla de los Ángeles
100%
Arquidiócesis de AcapulcoAcapulco
92%
Arquidiócesis de ChihuahuaChihuahua
92%
Arquidiócesis de ChihuahuaCiudad Juárez
92%
Arquidiócesis de LeónLeón
92%
Arquidiócesis de MéxicoMéxico
92%
Arquidiócesis de TijuanaTijuana
92%
Arquidiócesis de YucatánCancún-Chetumal
85%
Arquidiócesis de MoreliaMorelia
85%
Arquidiócesis de XalapaSan Andrés Tuxtla
85%
Arquidiócesis de TolucaToluca
85%
Arquidiócesis de Tuxtla GutiérrezTuxtla Gutiérrez
85%
Arquidiócesis de XalapaXalapa
85%
Arquidiócesis de YucatánYucatán
85%
Arquidiócesis de AntequeraAntequera
77%
Arquidiócesis de DurangoDurango
77%
Arquidiócesis de TijuanaMexicali
77%
Arquidiócesis de San Luis PotosíSan Luis Potosí
77%
Arquidiócesis de TlalnepantlaTlalnepantla
77%
Arquidiócesis de XalapaVeracruz
77%
Arquidiócesis de YucatánCampeche
69%
Arquidiócesis de YucatánTabasco
69%
Arquidiócesis de TulancingoTula
69%
Arquidiócesis de HermosilloCuliacán
62%
Arquidiócesis de LeónQuerétaro
62%
Arquidiócesis de PueblaTlaxcala
62%
Arquidiócesis de San Luis PotosíZacatecas
62%
Arquidiócesis de MonterreyCiudad Victoria
54%
Arquidiócesis de GuadalajaraColima
54%
Arquidiócesis de Durango
Mazatlán
54%
Arquidiócesis de TijuanaLa Paz
54%
Arquidiócesis de Tuxtla GutiérrezSan Cristóbal de las Casas
54%
Arquidiócesis de GuadalajaraTepic
54%
Arquidiócesis de DurangoTorreón
54%
Arquidiócesis de TulancingoTulancingo
54%
Arquidiócesis de AcapulcoChilpancingo-Chilapa
46%
Arquidiócesis de XalapaCoatzacoalcos
46%
Arquidiócesis de TijuanaEnsenada
46%
Arquidiócesis de MéxicoIztapalapa
46%
Arquidiócesis de XalapaOrizaba
46%
Arquidiócesis de MonterreySaltillo
46%
Arquidiócesis de GuadalajaraSan Juan de los Lagos
46%
Arquidiócesis de GuadalajaraAguascalientes
38%
Arquidiócesis de XalapaCórdoba
38%
Arquidiócesis de TolucaCuernavaca
38%
Arquidiócesis de TlalnepantlaEcatepec
38%
Arquidiócesis de MonterreyMatamoros
38%
Arquidiócesis de MonterreyNuevo Laredo
38%
Arquidiócesis de MonterreyPiedras Negras
38%
Arquidiócesis de MonterreyTampico
38%
Arquidiócesis de Tuxtla GutiérrezTapachula
38%
Arquidiócesis de XalapaTuxpan
38%
Arquidiócesis de MoreliaZamora
38%
Arquidiócesis de MéxicoAzcapotzalco
31%
Arquidiócesis de TlalnepantlaCuautitlán
31%
Arquidiócesis de Chihuahua
Cuauhtémoc-Madera
31%
Arquidiócesis de Chihuahua
Nuevo Casas Grandes
31%
Arquidiócesis de Chihuahua
Parral
31%
Arquidiócesis de DurangoGómez Palacio
31%
Arquidiócesis de LeónIrapuato
31%
Arquidiócesis de HermosilloNogales
31%
Arquidiócesis de XalapaPapantla
31%
Arquidiócesis de ChihuahuaTarahumara
31%
Arquidiócesis de PueblaTehuacán
31%
Arquidiócesis de MéxicoXochimilco
31%
Arquidiócesis de LeónCelaya
23%
Arquidiócesis de AcapulcoCiudad Altamirano
23%
Arquidiócesis de San Luis PotosíCiudad Valles
23%
Arquidiócesis de Guadalajara
Autlán
23%
Arquidiócesis de Guadalajara
Ciudad Guzmán
23%
Arquidiócesis de AntequeraHuautla (Prelatura)
23%
Arquidiócesis de GuadalajaraJesús María (Prelatura)
23%
Arquidiócesis de MonterreyLinares
23%
Arquidiócesis de AntequeraPuerto Escondido
23%
Arquidiócesis de AntequeraTehuantepec
23%
Arquidiócesis de TlalnepantlaTeotihuacán
23%
Arquidiócesis de TlalnepantlaTexcoco
23%
Arquidiócesis de AcapulcoTlapa
23%
Arquidiócesis de TlalnepantlaValle de Chalco
23%
Arquidiócesis de MoreliaApatzingán
15%
Arquidiócesis de TolucaAtlacomulco
15%
Arquidiócesis de HermosilloCiudad Obregón
15%
Arquidiócesis de DurangoEl Salto (Prelatura)
15%
Arquidiócesis de PueblaHuajuapan de León
15%
Arquidiócesis de TulancingoHuejutla
15%
Arquidiócesis de TlalnepantlaIzcalli
15%
Arquidiócesis de MoreliaLázaro Cárdenas
15%
Arquidiócesis de San Luis PotosíMatehuala
15%
Arquidiócesis de AntequeraMixes (Prelatura)
15%
Arquidiócesis de TlalnepantlaNezahualcóyotl
15%
Arquidiócesis de MoreliaTacámbaro
15%
Arquidiócesis de TolucaTenancingo
15%
Arquidiócesis de AntequeraTuxtepec
15%

Distribución de puntuación

Porcentaje por número respondido

Porcentaje de gente con cada puntuación

Historial de tus puntuaciones

No has intentado esta prueba.